| 000 | 00606nam a2200205 a 4500 | ||
|---|---|---|---|
| 001 | ASIN1840139153 | ||
| 005 | 20170105102928.0 | ||
| 008 | 131216s2007 xxu eng d | ||
| 020 | _a1840139153 (hardcover) | ||
| 020 | _a9781840139150 (hardcover) | ||
| 040 | _a0 | ||
| 082 | 0 | 4 |
_a940.53 _bWOR 2007 |
| 245 | 0 | 4 |
_aThe world at war : _b1939-1945 / |
| 260 |
_a[S.l.] : _bGrange Books Ltd, _c2007. |
||
| 300 |
_a448 p. ; _c28 cm. |
||
| 500 | _aImport. | ||
| 650 | 0 | _aWorld War (1939-1945) | |
| 856 | 4 | 0 |
_3Amazon.com _uhttp://www.amazon.com/exec/obidos/ASIN/1840139153/chopaconline-20 |
| 942 |
_2ddc _cBK |
||
| 999 |
_c15927 _d15927 |
||